Statistiken für Seriencharaktere anhand der Beschreibung erraten

Klicken Sie hier um das Quiz zu spielen!

Allgemein

  • Dieses Quiz wurde 58 mal gespielt
  • Das Durchschnittsergebnis liegt bei 3 aus 15

Antwortstatistiken

HintAntwort% Korrekt
Die scheinbar perfekte (rothaarige) Hausfrau aus Desperate HousewivesBree
52%
So heißen Sheldon Coopers Bruder und VaterGeorge
42%
Ihn heiratet Phoebe in FriendsMike
35%
Diese Schwester starb in CharmedPrue
31%
Der Vampir mit Seele in BuffyAngel
29%
Roseannes Ehemann in RoseanneDan
21%
Der einzige Sohn von Cliff und Claire in der Cosby ShowTheo
15%
Der Vater von Lex Luthor in SmallvilleLionel
12%
Richard Gilmores Mutter in Gilmore GirlsLorelai
10%
Die asiatische Anwältin in Ally McBealLing
8%
Marissa Coopers Mutter in O.C., CaliforniaJulie
6%
Die Mutter von Dorothy in Golden GirlsSophia
6%
Die Cousine von Steve Urkel in Alle unter einem DachMyrtle
4%
Sie war die Nachfolgerin von Diane in CheersRebecca
4%
Die Mutter von Rachel in GleeShelby
4%

Verteilung der Resultate

Perzentil nach korrekt beantworteten Fragen

Anzahl Personen mit jedem Resultat

Ihre Resultats-Entwicklung

Sie haben dieses Quiz noch nicht gespielt